000 00689nam a2200169 a 4500
008 201117s2014 ||||||||||||||||| || u
020 _a9781444010985
050 _aPZ 7.S77435
100 _aSt John, Lauren
245 1 0 _aFire storm
_cBy Lauren St John
260 _aLondon
_bOrion Children's Books
_c2014
300 _a290 pages
350 _a18.75
650 _aENGLISH LANGUAGE
995 _aFICTION Collection
_e905219
_FCBU-SCHOOL OF MEDICINE LIBRARY (Ndola)
_I18.75
_jPZ 7.S77435
_M1
_UAVAILABLE
_WNov 30, 2020
_y905219
_cFiction Collection
995 _aFICTION Collection
_D9.46
_e750527
_FCBU-MAIN LIBRARY (Kitwe)
_I18.75
_jPZ 7.S77435
_M2
_UAVAILABLE
_WDec 10, 2020
_y750527
_ZFiction Collection
999 _c63863
_d63863